كتاب أساس التأويل / (Record no. 15645)
[ view plain ]
| 000 -الفاتح | |
|---|---|
| حقل البيانات ثابتة الطول | 00808nam a22001817a 4500 |
| 008 - عناصر البيانات ثابتة الطول - معلومات عامة | |
| حقل البيانات ثابتة الطول | 110621t xxu||||| |||| 00| 0 ara d |
| 082 ## - رقم تصنيف ديوى العشرى | |
| رقم الطبعة | 22 |
| رقم التصنيف | 297.82 |
| رقم المادة | م غ ر |
| 100 1# - المدخل الرئيسى - إسم شخصى | |
| 9 (RLIN) | 25616 |
| الإسم الشخصى | المغربي ، النعمان بن حيون التميمي |
| 245 ## - بيان العنوان | |
| العنوان | كتاب أساس التأويل / |
| بيان المسئوليه,etc | النعمان بن حيون التميمي المغربي ؛ تحقيق وتقديم عارف تامر |
| 260 ## - PUBLICATION, DISTRIBUTION, ETC. (IMPRINT) | |
| مكان الناشر او الموزع | بيروت : |
| اسم الناشر او الموزع | منشورات دار الثقافة ، |
| تاريخ النشر أو التوزيع | [د . ت]. |
| 300 ## - الوصف المادى | |
| التعداد | 408 ص ؛ |
| أبعاد الوعاء | 24 سم. |
| 490 #0 - بيان السلسلة | |
| -- | 25634 |
| عنوان السلسلة | سلسلة المخطوطات العربية |
| -- | 2 |
| 504 ## - تبصرة ببليوجرافية | |
| تبصرة ببليوجرافية,الخ | يشتمل على إرجاعات ببليوجرافية وفهارس |
| 650 ## - المدخل الاضافى بالموضوع-مصطلح موضوعى | |
| 9 (RLIN) | 25627 |
| مصطلح موضوعي أو اسم جغرافي كعنصر مدخل | التأويل |
| 650 ## - المدخل الاضافى بالموضوع-مصطلح موضوعى | |
| 9 (RLIN) | 7966 |
| مصطلح موضوعي أو اسم جغرافي كعنصر مدخل | فقه الشيعة |
| 650 ## - المدخل الاضافى بالموضوع-مصطلح موضوعى | |
| 9 (RLIN) | 25633 |
| مصطلح موضوعي أو اسم جغرافي كعنصر مدخل | قرآن |
| التقسيم الفرعي العام | تفسير |
| 942 ## - عناصر المدخل الإضافي( كوها) | |
| مصدر التصنيف او مخطط الترفيف | Dewey Decimal Classification |
| Koha [default] item type | Book - Borrowing |
| حالة التراجع | حالة الفقد | مصدر التصنيف او خطة الترفيف | حالة تلف | ليس للاعارة | مجموعات كوها | المكان الدائم | المكان الحالي | موقع الترفيف | تاريخ الاكتساب | Source of acquisition | رقم الاستدعاء | الباركود | Date last seen | نوع الوعاء |
|---|---|---|---|---|---|---|---|---|---|---|---|---|---|---|
| Dewey Decimal Classification | Baccah | Central Library | Central Library | Lower Floor | 21/06/2011 | Purchase | 297.12261 ن ع ا | 000024179 | 15/07/2025 | Book - Borrowing |